000
00270nam a2200109Ia 4500
008
190914s9999||||xx |||||||||||||| ||und||
100
_a
Joseph C. Trezzo
245
0
_a
ORACLE PL/ SQL Tips And Techniques
260
_a
London
_b
Addison
_c
2016
300
_a
344
942
_c
BK
999
_c
8535
_d
8535